Vida de Apolonio de Tiana / (Record no. 173551)

MARC details
000 -LEADER
campo de control de longitud fija 00812nam a2200253 i 4500
001 - NÚMERO DE CONTROL
campo de control 173551
003 - IDENTIFICADOR DE NÚMERO DE CONTROL
campo de control ES-MaACL
005 - FECHA Y HORA DE LA ÚLTIMA TRANSACCIÓN
campo de control 20230906215254.0
008 - DATOS DE LONGITUD FIJA--INFORMACIÓN GENERAL
campo de control de longitud fija 141209s1979 sp |||| |bspa d
020 ## - NÚMERO INTERNACIONAL ESTÁNDAR DEL LIBRO
Número Internacional Estándar del Libro 84-249-3522-5
080 ## - NÚMERO DE LA CLASIFICACIÓN DECIMAL UNIVERSAL
Número de la Clasificación Decimal Universal 929 Apolonio de Tyana
100 1# - ENTRADA PRINCIPAL--NOMBRE DE PERSONA
Nombre de persona Filostrato, Flavio.
9 (RLIN) 50860
245 10 - MENCIÓN DEL TÍTULO
Título Vida de Apolonio de Tiana /
Mención de responsabilidad, etc. Filóstrato ; traducción, introducción y notas de Alberto Bernabé Pajares.
260 ## - PUBLICACIÓN, DISTRIBUCIÓN, ETC.
Lugar de publicación, distribución, etc. Madrid :
Nombre del editor, distribuidor, etc. Gredos,
Fecha de publicación, distribución, etc. [1979]
300 ## - DESCRIPCIÓN FÍSICA
Extensión 534 p. ;
Dimensiones 20 cm.
490 1# - MENCIÓN DE SERIE
Mención de serie Biblioteca clásica Gredos ;
Designación de volumen o secuencia 18
500 ## - NOTA GENERAL
Nota general Índices.
504 ## - NOTA DE BIBLIOGRAFÍA, ETC.
Nota de bibliografía, etc. Bibliografía: p. 54-57.
600 04 - PUNTO DE ACCESO ADICIONAL DE MATERIA--NOMBRE DE PERSONA
Nombre de persona Apolonio de Tiana.
9 (RLIN) 162842
700 1# - ENTRADA AGREGADA--NOMBRE PERSONAL
Nombre de persona Bernabé, Alberto.
9 (RLIN) 28158
830 0# - PUNTO DE ACCESO ADICIONAL DE SERIE-TÍTULO UNIFORME
Título uniforme Biblioteca clásica Gredos ;
Designación de volumen o secuencia 18
9 (RLIN) 177556
852 ## - LOCALIZACIÓN
Ubicación ES-MaACL
Número de control de estantería C-57042
Holdings
Estatus retirado Estado de pérdida Estado de daño No para préstamo Biblioteca de origen Biblioteca actual Ubicación en estantería Fecha de adquisición Fuente de adquisición Total de préstamos Signatura topográfica completa Código de barras Visto por última vez Precio de reemplazo Tipo de ítem Koha
        Biblioteca del Ateneo de Madrid Biblioteca del Ateneo de Madrid Depósito 2 07/12/2009     C-57042 1182129 23/02/2023 23/02/2023 Libro impreso